000 00813cam a2200277 i 4500
001 73178
003 TR-AnTOB
005 20251226161137.0
007 ta
008 251226s1994 tu 000 0 tur d
040 _aTR-AnTOB
_beng
_erda
_cTR-AnTOB
041 0 _atur
050 4 _aLA942
_b.E356 [1994]
090 _aLA942
_b.E356 [1994]
100 1 _aEkinci, Yusuf
_eauthor
_945561
245 1 0 _aEğitim üzerine düşünceler /
_cDr. Yusuf Ekinci.
264 1 _aAnkara :
_bTAKAV Matbaacılık,
_c[1994].
300 _a271 pages ;
_c19 cm
336 _atext
_btxt
_2rdacontent
337 _aunmediated
_bn
_2rdamedia
338 _avolume
_bnc
_2rdacarrier
590 _aSn. Celil Güngör tarafından bağışlanmıştır.
650 7 _aEğitim
_zTürkiye
_919023
942 _2lcc
_cBK
999 _c73178
_d21422